000 01032nam a2200253 a 4500
001 41193
003 BD-RjUL
005 20211209053338.0
008 160517s1969 pk ||||| |||| 00| 0 ben d
020 _c: PRs 3.00
035 _a(BD-RjUL)41309
040 _aBD-RjUL
_bben
_cBD-RjUL
041 _aben
082 _223
_bRAI 1969
_a297
100 1 _aরায়, মানবেন্দ্র নাথ
_9126728
245 1 0 _aইসলামের ঐতিহাসিক অবদান /
_cমানবেন্দ্র নাথ রায় ; অনুবাদ মুহম্মদ আবদুল হাই
250 _a৩য় সং.
260 _aঢাকা :
_bস্টুডেন্ট ওয়েজ,
_c১৯৬৯
300 _a১০৬ পৃ. ;
_c২১ সেমি.
650 _aIslamic civilization.
_9118973
650 _aইসলামী সভ্যতা .
_9126729
700 _aহাই, মুহম্মদ আবদুল, অনুবাদক
_9237155
942 _2ddc
_cBK
999 _c41193
_d41193